000 01613nam0a2200421 i 4500
001 RU\NLR\BIBL_A\010191060
005 20240921120152.0
010 _a9785916781496
_92000
021 _aRU
_b13-103639
035 _a(NILC)RuMoRGB-006717337
035 _a(NLR Aleph) 010191060
090 _a10197670
_c10197670
100 _a20140213d2013 km y0rusy50 ca
101 0 _arus
102 _aRU
105 _aa|||z||||00zy
200 1 _aЧестное слово дороже денег
_eкак воспитывались купеческие дети
_fВера Бокова
210 _aМосква
_cЛомоносовъ
_d2013
215 _a274, [4] с.
_cил.
_d21
225 1 _aИстория воспитания
300 _aНа 4-й с. обл. авт.: д.ист.н. В. Бокова
320 _aБиблиогр.: с. 270-275 и в примеч.: с. 255-269
320 _aДр. книги авт. на 4-й с. обл.
517 1 _aкак воспитывались купеческие дети
606 1 _aВоспитание в купеческой семье
_yРоссия
_92174629
_3RU\NLR\AUTH\6601544218
610 0 _aкупечество
610 0 _aкупеческая семья
610 0 _aбыт купечества
675 _a37.018.1(47+57)(091)
686 1 _aЧ493(2)
686 1 _aТ3(2) 0-75
700 1 _aБокова
_bВ. М.
_gВера Михайловна
801 0 _aRU
_bRuMoRKP
_c20131219
_gRCR
801 2 _aRU
_bРГБ
_c20140117
_grcr
942 _cBOOK
980 _aNBR